| 000 | 00452nam a2200181 a 4500 | ||
|---|---|---|---|
| 003 | PILC | ||
| 005 | 20150827143121.0 | ||
| 008 | 101021s19uu xx 00 eng d | ||
| 020 | _a0345412214 | ||
| 050 |
_aPS 3566.U9 _b.P994 1997 |
||
| 100 | _aPuzo, Mario | ||
| 245 |
_aThe last don / _cMario Puzo. |
||
| 260 |
_aNew York : _bBallantine Books, _c1996. |
||
| 300 |
_a502 pages : _c18 cm. |
||
| 650 | _aFiction | ||
| 942 |
_cBK _2lcc |
||
| 999 |
_c21395 _d21395 |
||